02140cam a22004814a 450000100090000000300090000900500170001800800410003502000150007603500150009103500150010604000380012104200080015904900090016705000250017608200230020110000320022424501050025626400720036130000480043344000620048150400650054350503880060852600100099652600100100652600100101652600100102652600080103652600080104452600080105252600080106052600080106852600080107652600080108454600740109263000720116673000570123873000560129594200150135199900170136698001100138395201650149357965760PE-LiUPU20250731173604.0050223s2005 dcua b 001 0 eng  a0915170388 a.b17248656 a.b17248656 aDLCcPE-LiUPUdPE-LiUPUbspaerda apcc aEXNs00aBS1515.53b.B37 200500a224.106223bB271l1 aBarré, Michael L.eautor.14aThe Lord has saved me :ba study of the Psalm of Hezekiah (Isaiah 38:9-20) /cpor Michael L. Barré aWashington, DC :bCatholic Biblical Association of America,cc2005. ax, 294 páginas :bilustraciones ;c23 cm. 4aThe Catholic Biblical quarterly.pMonograph series ;v39. aIncluye referencias bibliográficas (p. 264-281) e indices.0 aStructure -- A miktam by Hezekiah : the superscription (v. 9) -- Departure and separation : part Ia (vv. 10-11) -- Similes of woe : part Ib (vv. 12-14) -- Deliberation, prayer, deliverance : part IIa (vv. 15-17) -- Who can praise Yhwh? : part IIb (vv. 18-19) -- Yhwh has saved me! : the coda (v. 20) -- Form, date, authorship -- The Psalm of Hezekiah in the context of Isaiah 36-38. aSEG42 aSEG41 aSEG40 aSEG39 aP94 aP87 aP86 aP85 aP77 aP76 aP35 aAppendix contains text of Isaiah XXXVIII, 9-20 in Hebrew and English.14aBiblia.pIsaías 38: 9-20xCrítica, interpretación, etc.9176302aBible.pO.T.pIsaiah XXXVIII, 9-20.lEnglish.f2005.02aBible.pO.T.pIsaiah XXXVIII, 9-20.lHebrew.f2005. 2ddccBKn0 c62888d62887 618226aJaime Vilcazán Jefe de Análisis Documental81gALBERTO SANCHEZ Responsable de Automatización r2025-12-02 00:00:00l0o224.106 B271lp82572te1v17.00w2025-03-10xFACTEOyBK102ddc50708GENfP35aBULbBULcGENd2024-12-23eDonación, Merling Alomía